000 00615nam a2200229Ia 4500
003 OSt
005 20221006164745.0
006 a|||||r|||| 00| 0
007 ta
008 221006b |||||||| |||| 00| 0 eng d
024 _a1,428
037 _cTextual
040 _aFML
_cFML
_beng
041 _2eng
_aeng
082 _aNRv56:(Y), K4
100 _aMackerness E. D Au.
_9678253
245 0 _aA Social History Of English Music
260 _aLondon
_bRoutledge and Kegar
_c1964
300 _a308
_ccm.
942 _hNRv56:(Y), K4
_cTEXL
_2CC
999 _c1118375
_d1118375